Indios e criadores: a situaçao dos Krahó na área pastoril do tocantins

Պահպանված է:
Մատենագիտական մանրամասներ
Հիմնական հեղինակ: Melatti, Julio Cezar (autor)
Ձևաչափ: Գիրք
Լեզու:պորտուգալերեն
Հրապարակվել է: Río de Janeiro Universidade Federal do Rio de Janeiro 1967
Շարք:Monografías do I.C.S., 3
Խորագրեր:
Ցուցիչներ: Ավելացրեք ցուցիչ
Չկան պիտակներ, Եղեք առաջինը, ով նշում է այս գրառումը!

MARC

LEADER 00000nam a2200000 a 4500
001 UCQ0369
003 CL-VaPUC
008 980627e19670000BL |||||||||||||||||por|d
082 0 4 |a 306.089  |b MEL  |2 21 
100 |a Melatti, Julio Cezar  |e autor  |9 413575 
245 1 0 |a Indios e criadores: a situaçao dos Krahó na área pastoril do tocantins 
300 |a 166 p 
942 |c BK 
945 |d 19980627 00:00:00  |a crobeson 
260 |a Río de Janeiro  |b Universidade Federal do Rio de Janeiro  |c 1967 
650 7 |a INDIOS DE AMERICA CENTRAL  |2 CL-VaPUC  |9 413576 
650 0 |a Culturas indígenas  |9 266389 
650 7 |a SOCIOLOGIA RURAL  |2 CL-VaPUC  |9 264560 
650 7 |a SOCIEDADES PRIMITIVAS  |2 CL-VaPUC  |9 266737 
651 0 |a Brasil  |9 267393 
583 |a last modification  |c 20130317 01:20:43  |k Rodrigo Vera 
490 0 |a Monografías do I.C.S., 3 
999 |c 271504  |d 271502